000 00702nam a2200277Ia 4500
005 20260324130835.0
008 008 260324s9999 xx 000 0 eng d
020 _a9781003547624
037 _aEBOOK
040 _aCRL
040 _beng
040 _cCRL
041 _2eng
041 _aeng
084 _qCRL
100 _aRick Incorvati; Wil Verhoeven; Philip Cox; Arnold A Markley
_91183275
245 4 _aThe Novels and Selected Plays of Thomas Holcroft Vol 4
260 _bTaylor and Francis
260 _c2007
365 _a
365 _b195
856 _uhttp://www.taylorfrancis.com/books/9781003547624
942 _cEBOOK
999 _c1779840
_d1779840